00367nam a22001457a 450000500170000001000150001702000260003203500140005803700090007208200100008110000200009124500600011126000300017130000200020120250203110703.0 aENG-143592 a9789358195866c456.00 aEN-127124 bDBAD a230.1 aGhosh, Sitanshu aThe Magnificence of the Mahabharata/cby Sitanshu Ghosh bBluerose Publishersc2020 a364p.c20cm(pb)